| 000 | 01446na a2200337 4500 | ||
|---|---|---|---|
| 001 | 24244 | ||
| 003 | MIRAKIL | ||
| 005 | 20181213154950.0 | ||
| 008 | 180829b tu 000 0 | ||
| 020 | _a9786053320661 | ||
| 040 |
_aMilas _btur _cTR-AnCHP |
||
| 041 | _atur | ||
| 082 |
_a956.101543 _bT82y 2014 |
||
| 090 | _a956.101543 T82y 2014 | ||
| 100 | _aTufan, Mesut Yaşar | ||
| 245 |
_aYüz yıl sonra balkan savaşları _bNe ? Nasıl ? Neden ? _bTarafların gözüyle büyük yenilginin eleştirisi _cMesut Yaşar Tufan, İzzeddin Çalışlar |
||
| 246 | _aTarafların gözüyle büyük yenilginin eleştirisi | ||
| 246 | _aNe ? Nasıl ? Neden ? | ||
| 260 |
_aİstanbul _bTürkiye İş Bankası Kültür Yayınları _c2014 _fGolden Medya Matbaacılık |
||
| 300 |
_aVii, 88 s. _bfotğ. , hrt. _c27 sm. |
||
| 440 |
_aİş Bankası Kültür Yayınları _vgenel yayın: 2952 |
||
| 500 | _aYüzbaşı İzzettin (Çalışlar), Zeki Paşa (Kolaç), Lectures Pour Tous, Yarbay Mustafa Kemal (Atatürk), Lev Troçki, Yüzbaşı Eyüp (Durukan), Pierre Loti ve İlyas Petropulos'un yazdıklarından derleyerek yayına hazırlanmıştır. | ||
| 504 | _aDizin var. | ||
| 650 |
_aBalkan Savaşları _y1912-1913 |
||
| 650 |
_aTarih _xTürkiye |
||
| 700 | _aÇalışlar, İzzeddin | ||
| 700 | _aTufan, Mesut Yaşar | ||
| 740 | _aTarafların gözüyle büyük yenilginin eleştirisi | ||
| 740 | _aNe ? Nasıl ? Neden ? | ||
| 942 |
_2dcc _cBKS |
||
| 999 |
_c4013 _d4013 |
||